000 00939nam a2200289Ia 4500
003 OSt
005 20221002044830.0
006 a|||||r|||| 00| 0
007 ta
008 220930b |||||||| |||| 00| 0 eng d
020 _a9780 415748407 (pbk)
_cUKP 140.00
024 _a34453
037 _b1427, 15/09/2017, Bright Book Service
_cReference Collections
040 _aCRL
_cCRL
_beng
041 _2eng
_aeng
082 _aP111:3g, Q7(RR)
100 _aBartlett Tom Ed.
_9477842
245 0 _aRoutledge handbook of systemic functional linguistics
260 _aLondon
_bRoutledge UK
_c2017
300 _axxiv,682p.
_ccm.
500 _aRoutledge handbooks
650 _a LINGUISTICS
650 _aGRAMMAR
700 _a O'Grady Gerard Ed.
_9477843
942 _hP111:3g, Q7(RR)
_cref
_2CC
999 _c911270
_d911270